Manual of the agromyzidae (dipters) of the united states

Salvato in:
Dettagli Bibliografici
Natura: Libro
Lingua:inglese
Pubblicazione: Washington United States Department of Agriculture 1986
Tags: Aggiungi Tag
Nessun Tag, puoi essere il primo ad aggiungerne!!

MARC

LEADER 00000nam a2200000 4500
001 c104800
005 20250917090007.5
041 0 |a eng 
044 |a US 
245 1 0 |a Manual of the agromyzidae (dipters) of the united states  |c Kenneth A. Spencer, George C. Steyskal 
264 1 |a Washington  |b United States Department of Agriculture  |c 1986 
300 |a 478 s.